|
|
|
|
| LEADER |
00706nab a2200193 i 4500 |
| 001 |
publ1021 |
| 005 |
20180703152131.0 |
| 008 |
120813s2011 hu o 0|| zxx d |
| 022 |
|
|
|a 0017-6036
|
| 024 |
7 |
|
|a 1865093
|2 mtmt
|
| 040 |
|
|
|a SZTE Publicatio Repozitórium
|b hun
|
| 041 |
|
|
|a zxx
|
| 100 |
1 |
|
|a Szendrei Kálmán
|
| 245 |
1 |
0 |
|a Több mint színanyagok – a karotinoidok I. rész
|h [elektronikus dokumentum] /
|c Szendrei Kálmán
|
| 260 |
|
|
|a Magyar Gyógyszerésztudományi Társaság
|c 2011
|
| 300 |
|
|
|a 667-674
|
| 490 |
0 |
|
|a Gyógyszerészet
|v 55 No. 11
|
| 700 |
0 |
1 |
|a Csupor Dezső
|e aut
|
| 856 |
4 |
0 |
|u http://publicatio.bibl.u-szeged.hu/1021/1/1865093_Szendrei_Gy%C3%B3gyszer%C3%A9szet_2011.pdf
|z Dokumentum-elérés
|